<?xml version='1.0' encoding='UTF-8'?>
  <record xmlns="http://www.loc.gov/MARC21/slim">
    <leader>00000ctm a22000007i 4500</leader>
    <controlfield tag="001">ocn965408413</controlfield>
    <controlfield tag="003">OCoLC</controlfield>
    <controlfield tag="005">20250906195713.3</controlfield>
    <controlfield tag="008">101020q1444    be            000 0 lat d</controlfield>
    <datafield tag="040" ind1=" " ind2=" ">
      <subfield code="a">QGJ</subfield>
      <subfield code="b">dut</subfield>
      <subfield code="c">QGJ</subfield>
      <subfield code="d">QGJ</subfield>
      <subfield code="d">OCLCA</subfield>
      <subfield code="d">OCLCO</subfield>
      <subfield code="d">OCLCA</subfield>
      <subfield code="d">OCLCL</subfield>
      <subfield code="d">OCLCQ</subfield>
    </datafield>
    <datafield tag="035" ind1=" " ind2=" ">
      <subfield code="a">(OCoLC)965408413</subfield>
    </datafield>
    <datafield tag="100" ind1="0" ind2=" ">
      <subfield code="a">Caesarius von Heisterbach,</subfield>
      <subfield code="d">ca. 1180-ca. 1240.</subfield>
    </datafield>
    <datafield tag="245" ind1="1" ind2="0">
      <subfield code="a">Dialogus miraculorum /</subfield>
      <subfield code="c">Caesarius von Heisterbach.</subfield>
      <subfield code="f">UBU Hs. 178.</subfield>
    </datafield>
    <datafield tag="246" ind1="1" ind2=" ">
      <subfield code="a">Historia Walteri et Griseldis</subfield>
    </datafield>
    <datafield tag="246" ind1="1" ind2=" ">
      <subfield code="a">Quod nemo laeditur nisi a se ipso</subfield>
    </datafield>
    <datafield tag="246" ind1="1" ind2=" ">
      <subfield code="a">Profectus religiosorum (lib. 1, pars 2, cap. 27-41)</subfield>
    </datafield>
    <datafield tag="246" ind1="1" ind2=" ">
      <subfield code="a">De exterioris et interioris hominis compositione (lib. 1, pars 2, cap. 27-41)</subfield>
    </datafield>
    <datafield tag="246" ind1="1" ind2=" ">
      <subfield code="a">Epistula ad Cyriacum</subfield>
    </datafield>
    <datafield tag="246" ind1="1" ind2=" ">
      <subfield code="a">Moralia super Job</subfield>
    </datafield>
    <datafield tag="246" ind1="1" ind2=" ">
      <subfield code="a">Compendium in Job</subfield>
    </datafield>
    <datafield tag="246" ind1="1" ind2=" ">
      <subfield code="a">De claustro animae</subfield>
    </datafield>
    <datafield tag="260" ind1=" " ind2=" ">
      <subfield code="a">Sint-Martens-Lierde (Geraardsbergen) :</subfield>
      <subfield code="b">Kartuizerpriorij Sint-Martens-Bosse,</subfield>
      <subfield code="c">1444.</subfield>
    </datafield>
    <datafield tag="300" ind1=" " ind2=" ">
      <subfield code="a">167 fol. ;</subfield>
      <subfield code="c">293 x 212 (200/225 x 145/160) mm.</subfield>
    </datafield>
    <datafield tag="336" ind1=" " ind2=" ">
      <subfield code="a">text</subfield>
      <subfield code="b">txt</subfield>
      <subfield code="2">rdacontent</subfield>
    </datafield>
    <datafield tag="337" ind1=" " ind2=" ">
      <subfield code="a">unmediated</subfield>
      <subfield code="b">n</subfield>
      <subfield code="2">rdamedia</subfield>
    </datafield>
    <datafield tag="338" ind1=" " ind2=" ">
      <subfield code="a">volume</subfield>
      <subfield code="b">nc</subfield>
      <subfield code="2">rdacarrier</subfield>
    </datafield>
    <datafield tag="340" ind1=" " ind2=" ">
      <subfield code="a">papier, perkament</subfield>
      <subfield code="k">2 kol., littera cursiva.</subfield>
    </datafield>
    <datafield tag="500" ind1=" " ind2=" ">
      <subfield code="a">Bevat behalve Dialogus miraculorum / Caesarius von Heisterbach (fol. 1r-140v) ook: Historia Walteri et Griseldis (fol. 140v-143v), Johannis Chrysostomi Quod nemo laeditur nisi a se ipso (fol. 143v-149v), ejusdem Epistola, cujus initium: Age iam iterum ... (fol. 149v-150v), Compendium fratris carthusiensis Davidis (fol. 150v-153r), Petri Blesensis Moralia super Job (fol. 153v-161r), Compendium cuiusdam episcopi Parisiensis de claustro animae (fol. 161r-167v).</subfield>
    </datafield>
    <datafield tag="500" ind1=" " ind2=" ">
      <subfield code="a">De diverse onderdl. door dezelfde kopiist geschreven.</subfield>
    </datafield>
    <datafield tag="500" ind1=" " ind2=" ">
      <subfield code="a">Plaats van vervaardiging en datering: In nomine Domini. Anno ... mensis octobris xxiii incepi hoc opusculum in domo silve (fol. 1r); Incepi anno 44 blasii (fol. 72r).</subfield>
    </datafield>
    <datafield tag="500" ind1=" " ind2=" ">
      <subfield code="a">Auteur van de Historia Walteri et Griseldis, is Francesco Petrarca.</subfield>
    </datafield>
    <datafield tag="500" ind1=" " ind2=" ">
      <subfield code="a">Epistola, cujus initium: Age iam iterum ..., is Johannis Chrysostomi Epistula 125 ad Cyriacum.</subfield>
    </datafield>
    <datafield tag="500" ind1=" " ind2=" ">
      <subfield code="a">Compendium fratris carthusiensis Davidis, is Profectus religiosorum (lib. 1, pars 2, cap. 27-41) van David von Augsburg, ook bekend o.d.t.: De exterioris et interioris hominis compositione.</subfield>
    </datafield>
    <datafield tag="500" ind1=" " ind2=" ">
      <subfield code="a">Auteur van het Compendium de claustro animae is Guilelmus Alvernus.</subfield>
    </datafield>
    <datafield tag="500" ind1=" " ind2=" ">
      <subfield code="a">Vlg. de inhoudsopgave op het eerste vliegend schutblad zou het handschrift meer teksten bevat hebben, o.m. de Septem psalmi poenitentiales van Francesco Petrarca.</subfield>
    </datafield>
    <datafield tag="524" ind1=" " ind2=" ">
      <subfield code="a">Te citeren als: Universiteitsbibliotheek Utrecht Hs. 178.</subfield>
    </datafield>
    <datafield tag="563" ind1=" " ind2=" ">
      <subfield code="a">Contemporaine band, leer over houten platten, blindgestempeld met diagonale tripellijnen in een door tripellijnen gevormd rechthoekig kader, restanten van twee koperen sluitingen, rug is vernieuwd.</subfield>
    </datafield>
    <datafield tag="581" ind1=" " ind2=" ">
      <subfield code="a">[P.A. Tiele], Catalogus codicum manu scriptorum Bibliothecae Universitatis Rheno-Trajectinae. I. Trajecti ad Rhenum / Hagae Comitis 1887. p. 58-59.</subfield>
    </datafield>
    <datafield tag="581" ind1=" " ind2=" ">
      <subfield code="a">[A. Hulshof], Catalogus codicum manu scriptorum Bibliothecae Universitatis Rheno-Traiectinae. II. Traiecti ad Rhenum 1909. p. 23-24.</subfield>
    </datafield>
    <datafield tag="581" ind1=" " ind2=" ">
      <subfield code="a">J.P. Gumbert, Manuscrits datés conservés dans les Pays-Bas. Vol. 2: Les manuscrits d'origine néerlandaise (XIVe-XVIe siècles) et Suppl. au tome premier. Leiden etc. 1988. p. 261 nr. 952, pl. 965.</subfield>
    </datafield>
    <datafield tag="581" ind1=" " ind2=" ">
      <subfield code="a">Cisterciënzer ordeleven rond Assens oude abdij. Tent. cat. Assen 1959. Assen 1959. nr. 32.</subfield>
    </datafield>
    <datafield tag="581" ind1=" " ind2=" ">
      <subfield code="a">F. Hendrickx, 'De handschriften van de Kartuis Genadendal bij Brugge (1318-1580). (slot)', in: Ons geestelijk erf 48 (1974), p. 143-169. p. 149-151 (fol. 150v-153r).</subfield>
    </datafield>
    <datafield tag="581" ind1=" " ind2=" ">
      <subfield code="a">P.O. Kristeller, Iter Italicum. Accedunt alia itinera. A finding list of uncatalogued or incompletely catalogued humanistic manuscripts of the Renaissance in Italian and other libraries IV (alia itinera II): Great Britain to Spain. London etc. 1989. p. 383.</subfield>
    </datafield>
    <datafield tag="581" ind1=" " ind2=" ">
      <subfield code="a">Boccaccio in Nederland. Tentoonstelling van handschriften en gedrukte werken uit het bezit van Nederlandse bibliotheken ter herdenking van het zeshonderdste sterfjaar van Boccaccio (1313-1375). Tent. cat. Academisch Historisch Museum. [Leiden 1975]. p. … nr. VIII.</subfield>
    </datafield>
    <datafield tag="655" ind1=" " ind2="7">
      <subfield code="a">Handschriften (vorm)</subfield>
      <subfield code="0">(NL-LeOCL)088143309.</subfield>
      <subfield code="2">gtt</subfield>
    </datafield>
    <datafield tag="700" ind1="1" ind2=" ">
      <subfield code="a">Petrarca, Francesco,</subfield>
      <subfield code="d">1304-1374.</subfield>
      <subfield code="1">https://id.oclc.org/worldcat/entity/E39PCjGHPHxR7fmgKTMWPF3h9C</subfield>
    </datafield>
    <datafield tag="700" ind1="0" ind2=" ">
      <subfield code="a">Johannes Chrysostomus,</subfield>
      <subfield code="d">ca. 345-407.</subfield>
    </datafield>
    <datafield tag="700" ind1="0" ind2=" ">
      <subfield code="a">David de Augusta.</subfield>
    </datafield>
    <datafield tag="700" ind1="0" ind2=" ">
      <subfield code="a">Petrus,</subfield>
      <subfield code="c">Blesensis,</subfield>
      <subfield code="d">ca. 1135-ca. 1212.</subfield>
    </datafield>
    <datafield tag="700" ind1="0" ind2=" ">
      <subfield code="a">Guilelmus,</subfield>
      <subfield code="c">Arvernus,</subfield>
      <subfield code="d">ca. 1180-1249.</subfield>
      <subfield code="1">https://id.oclc.org/worldcat/entity/E39PCjDypQffbCTtBpxTTRTH3P</subfield>
    </datafield>
    <datafield tag="710" ind1="2" ind2=" ">
      <subfield code="a">Karthuizerklooster Nieuwlicht of Bloemendaal (Utrecht)</subfield>
      <subfield code="e">former owner.</subfield>
      <subfield code="4">fmo</subfield>
      <subfield code="5">NL-UtRU</subfield>
    </datafield>
    <datafield tag="758" ind1=" " ind2=" ">
      <subfield code="a">Dialogus miraculorum UBU Hs. 178 (Text)</subfield>
      <subfield code="1">https://id.oclc.org/worldcat/entity/E39PCGfYYfPM7vg4J8rHhYrkcK</subfield>
      <subfield code="4">https://id.oclc.org/worldcat/ontology/hasWork</subfield>
    </datafield>
    <datafield tag="856" ind1="4" ind2="1">
      <subfield code="u">http://objects.library.uu.nl/reader/resolver.php?obj=002326121&amp;type=2</subfield>
      <subfield code="x">Online</subfield>
      <subfield code="z">Full Text</subfield>
    </datafield>
    <datafield tag="936" ind1=" " ind2=" ">
      <subfield code="a">BATCHLOAD</subfield>
    </datafield>
  </record>